000 00873nam0a22002411 4500
001 rc\581898
005 20250621172853.0
010 _a5-289-00206-5
_9300000
035 _a(NLR Aleph) 005829424
090 _a5564199
_c5564199
100 _a20031121d1988 |||y0rusy50 ca
101 0 _arus
102 _aRU
105 _aa |||||||||
200 1 _aПриключения Незнайки и его друзей
_aНезнайка в Солнечном городе
_eРоманы-сказки
_e[Для мл. шк. возраста]
_fНиколай Носов
_g[Худож. Б.А. Аникин]
210 _aЛ.
_cЛениздат
_d1988
215 _a509, [1] с.
_cил.
_d21
700 1 _aНосов
_bН.Н.
_f1908-1976
_gНиколай Николаевич
801 0 _aRU
_bNLR
_gpsbo
801 1 _aRU
_bELAR
_2rusmarc
852 _aNLR
_j88-3/6923
942 _cBOOK
980 _aNB